| 000 | 01044pam a2200349 a 4500 | ||
|---|---|---|---|
| 001 | 4337 | ||
| 003 | FISKH | ||
| 005 | 20250815123301.0 | ||
| 008 | 930416s1994 nyua j 000 1 eng | ||
| 010 | _a 93019732 | ||
| 020 | _a0590475630 : | ||
| 020 | _a9780590475631 | ||
| 040 |
_aDLC _cDLC _dDLC _beng |
||
| 050 | _aPZ8.M127 | ||
| 082 | _a813 | ||
| 100 | 1 | _aMaccarone, Grace. | |
| 245 | 1 | 0 |
_aPizza party / _cby Grace Maccarone ; illustrated by Emily Arnold McCully. |
| 250 | _bThis edition first printing, July 2008 | ||
| 260 |
_aNew York : _bScholastic, _c1994. |
||
| 300 |
_a30 unnumbered pages : _bcolor illustrations ; _c23 cm |
||
| 440 | 0 |
_aHello, reader! _nLevel 1 |
|
| 505 | _aC | ||
| 520 | _aA group of children have fun making a pizza. | ||
| 521 | 8 |
_a90
_bLexile |
|
| 521 | 8 |
_aC
_bRaz-Plus |
|
| 650 | 1 |
_aPizza _xFiction. |
|
| 650 | 1 | _aStories in rhyme. | |
| 700 | 1 |
_aMcCully, Emily Arnold, _eillustrator |
|
| 906 |
_a7 _bcbc _corignew _d1 _eocip _f19 _gy-gencatlg |
||
| 942 |
_2ddc _cBK _n0 |
||
| 999 |
_c4337 _d4337 |
||